Ḥaqāʼiq al-Islām fī muwājahāt shubhāt al-mushakkikīn

محفوظ في:

مؤلف مشترك: Egypt. Majlis al-Aʻlá lil-Shuʼūn al-Islāmīyah.

التنسيق: الكتروني كتاب

اللغة: Arabic

منشور في: Jārdin Sītī, al-Qāhirah, Jumhūrīyat Miṣr al-ʻArabīyah : Wizārat al-Awqāf, al-Majlis al-Aʼlā lil-Shuʼūn al-Islāmīyah, [2002].

الموضوعات:

الوسوم: إضافة وسم

لا توجد وسوم, كن أول من يضع وسما على هذه التسجيلة!

رقم الطلب: BP170 .H37 2002

LEADER 01150nam a2200277Ia 4500
003 OSt
005 20240716082739.0
008 040917s2002 ua f ara
952 |0 0  |1 0  |2 lcc  |4 0  |6 BP0170 H37 02002  |7 1  |9 43878  |a ARCE  |b ARCE  |d 2022-11-24  |l 0  |o BP170 .H37 2002  |p 1016245  |r 2022-11-24 00:00:00  |w 2022-11-24  |y BK 
999 |c 50335  |d 50335 
040 |c ARCE Library 
050 4 |a BP170 .H37 2002 
245 0 0 |a Ḥaqāʼiq al-Islām fī muwājahāt shubhāt al-mushakkikīn   |h [electronic resource]. 
264 1 |a Jārdin Sītī, al-Qāhirah, Jumhūrīyat Miṣr al-ʻArabīyah :   |b Wizārat al-Awqāf, al-Majlis al-Aʼlā lil-Shuʼūn al-Islāmīyah,   |c [2002]. 
300 |a 1 CD-ROM ;   |c 4 3/4 in. 
336 |2 rdacontent  |a text  |b txt 
337 |2 rdamedia  |a unmediated  |b n 
338 |2 rdacarrier  |a volume  |b n 
500 |a Title on disc label. 
546 |a Chiefly in Arabic. 
650 0 |a Islam -- 20th century. 
650 0 |a Islam -- Doctrines. 
710 1 |a Egypt.   |b Majlis al-Aʻlá lil-Shuʼūn al-Islāmīyah. 
880 0 0 |6 245-01/(3/r  |a حقائق الإسلام في مواجهة شبهات المشككين 
901 |a reviewed 
942 |2 lcc  |c BK